00518nam a22001937a 450000500170000001000150001702000260003203500130005803700130007108200080008410000200009224500740011225000120018626000350019827000530023330000320028670000030031870000030032120100814095637.0 aENG-100426 c190.00a9788177097412 aEN-83959 bDBAD/PUB a510 aAggarwal, R. S. aSeniour secondry school mathematics for class 11 /bby R. S. Aggarwal a6th ed. aNew DelhibBharti Bhawanc2010 a4271/3 Ansari Road, DaryaganjbNew Delhie110002 averious pegingsc22cm (Pbk)